<?xml version="1.0" encoding="UTF-8"?>
<marc:record xmlns:marc="http://www.loc.gov/MARC21/slim">
   <marc:leader>00000nam a2200000 a 4500</marc:leader>
   <marc:datafield ind1="1" ind2=" " tag="100">
      <marc:subfield code="a">Osborne, Mary Pope</marc:subfield>
      <marc:subfield code="4">aut</marc:subfield>
      <marc:subfield code="e">Verfasser/-in</marc:subfield>
   </marc:datafield>
   <marc:datafield ind1="1" ind2=" " tag="100">
      <marc:subfield code="a">Knipping, Jutta</marc:subfield>
   </marc:datafield>
   <marc:datafield ind1="1" ind2=" " tag="100">
      <marc:subfield code="a">Margineanu, Sandra</marc:subfield>
   </marc:datafield>
   <marc:datafield ind1=" " ind2=" " tag="653">
      <marc:subfield code="a">Aufzuchtstation</marc:subfield>
   </marc:datafield>
   <marc:datafield ind1=" " ind2=" " tag="653">
      <marc:subfield code="a">China</marc:subfield>
   </marc:datafield>
   <marc:datafield ind1=" " ind2=" " tag="653">
      <marc:subfield code="a">Panda</marc:subfield>
   </marc:datafield>
   <marc:datafield ind1="0" ind2="0" tag="245">
      <marc:subfield code="a">Rettung für die Panda-Babys</marc:subfield>
   </marc:datafield>
   <marc:datafield ind1="0" ind2="0" tag="245">
      <marc:subfield code="c">Mary Pope Osborne ; aus dem Amerikanischen übersetzt von Sandra Margineanu ; illustriert von Jutta Knipping</marc:subfield>
   </marc:datafield>
   <marc:datafield ind1=" " ind2="1" tag="264">
      <marc:subfield code="a">Bindlach</marc:subfield>
      <marc:subfield code="b">Loewe</marc:subfield>
      <marc:subfield code="c">2025</marc:subfield>
   </marc:datafield>
   <marc:datafield ind1="1" ind2=" " tag="490">
      <marc:subfield code="a">¬Das¬ magische Baumhaus junior</marc:subfield>
      <marc:subfield code="v">41</marc:subfield>
   </marc:datafield>
   <marc:datafield ind1="1" ind2=" " tag="520">
      <marc:subfield code="a">Die letzte Zutat zur Rettung des versteinerten Pinguins will in China gefunden werden. (ab 7) (JE) Merlins kleiner Pinguin Penny, den die Geschwister Anne und Philipp dem Zauberer vor einiger Zeit geschenkt haben, wurde bedauerlicherweise durch einen Zauber versteinert. In den Vorgängerbänden haben die beiden bereits zwei der drei Zutaten gefunden, um den Zauber rückgängig zu machen; nun gilt es auch das letzte Ding ausfindig zu machen. Anne und Philipp reisen dafür nach China, um eine mysteriöse Speise zu beschaffen, die es braucht, um Penny zu retten. Das Baumhaus schickt sie ins Wolong-Naturreservat, in dem seltene Tiere leben &#x96; unter anderem Pandabären. Unter fachkundiger Aufsicht dürfen die Geschwister im Pandagehege mithelfen und vieles über diese besonderen Tiere erfahren. Ein starkes Erdbeben rüttelt die Reisenden jäh aus der Idylle heraus. Die Tierstation ist vom Beben besonders stark betroffen. Mit ein wenig Magie können die Kinder jedoch alle Pandas unbeschadet zurückbringen. Als kleine Belohnung bekommen die Pandas Leckerlis, die sich geradewegs als die gesuchte Speise erweisen. Schlussendlich wird der versteinerte Pinguin mithilfe der drei Mitbringsel und starker freundschaftlicher Gefühle zurückverwandelt und die Frage ist jetzt nur mehr, welches neue Abenteuer die Geschwister als Nächstes erwartet. Zum Selberlesen für Kinder ab 7, als Vorlesebuch für Kinder ab 5 geeignet. Dieses Mal mit weniger historischem Input, dafür ist jetzt die kleine dreiteilige Mission abgeschlossen.</marc:subfield>
   </marc:datafield>
   <marc:datafield ind1=" " ind2=" " tag="020">
      <marc:subfield code="a">9783743219489</marc:subfield>
      <marc:subfield code="9">9783743219489</marc:subfield>
   </marc:datafield>
   <marc:datafield ind1=" " ind2=" " tag="020">
      <marc:subfield code="a">3743219484</marc:subfield>
      <marc:subfield code="9">3743219484</marc:subfield>
   </marc:datafield>
   <marc:datafield ind1=" " ind2=" " tag="300">
      <marc:subfield code="a">82 Seiten : Illustrationen</marc:subfield>
   </marc:datafield>
</marc:record>
